Statistiques concernant Films avec Jean Rochefort par image

Cliquez ici pour prendre le quiz!

Statistiques générales

  • Ce quiz a été pris 42 fois
  • Le résultat moyen est 6 sur 16

Statistiques - réponses

Réponse% Correct
Un éléphant ça trompe énormément
82%
Le Placard
69%
RRRrrrr!!!
67%
Le Crabe-Tambour
59%
Les Vacances de Mr Bean
54%
Angélique, marquise des anges
49%
Le Grand Blond avec une chaussure noire
46%
Le Mari de la coiffeuse
41%
Ridicule
41%
Les Tribulations d'un Chinois en Chine
31%
Jappeloup
26%
Tandem
23%
Astérix et Obélix : Au service de Sa Majesté
18%
Le Château de ma mère
18%
J'ai toujours rêvé d'être un gangster
8%
La Grande Cuisine
3%

Distribution des résultats

Percentile par nombre de réponses

% des personnes avec chaque résultat

Votre développement - résultats

Vous n’avez pas pris ce quiz